Language Quiz

Random Language Quiz

Name the verb, noun, adverb, or a adjective Quiz Stats

 Plays Quiz not verified by Sporcle

Challenge
Share
Tweet
Embed
Score 0/30 Timer 10:00
0 Plays Today
verb, noun, adverb, or a adjective verb, noun, adjective, or an adverb % Correct
????
100%
????
97.3%
????
96.3%
????
95.5%
????
94.5%
????
91.7%
????
90.6%
????
88.1%
????
87.7%
????
87.3%
????
86.8%
????
86.4%
????
86.3%
????
85.8%
????
85.5%
verb, noun, adverb, or a adjective verb, noun, adjective, or an adverb % Correct
????
84.5%
????
84%
????
83.1%
????
82.3%
????
82%
????
81.8%
????
81.2%
????
80.7%
????
80%
????
79.7%
????
79.5%
????
79.3%
????
79.1%
????
78.6%
????
78.2%

You're not logged in!

Compare scores with friends on all Sporcle quizzes.
Join for Free
OR
Log In

You Might Also Like...

Show Comments

Extras

Created Mar 21, 2012ReportNominate
Tags:adjective, adverb, noun, verb

Top Quizzes Today


Score Distribution

Your Account Isn't Verified!

In order to create a playlist on Sporcle, you need to verify the email address you used during registration. Go to your Sporcle Settings to finish the process.

Report this User

Report this user for behavior that violates our Community Guidelines.

Details: